Le juge : une figure d'autorité : actes du premier colloque organisé par l'Association française d'anthropologie du droit, Paris 24-25-26 novembre 1994 / (Record no. 2199)
[ view plain ]
| 000 -LEADER | |
|---|---|
| fixed length control field | 01917cam a2200421Ma 4500 |
| 001 - CONTROL NUMBER | |
| control field | ocn232347714 |
| 003 - CONTROL NUMBER IDENTIFIER | |
| control field | TZ-ArACH |
| 005 - DATE AND TIME OF LATEST TRANSACTION | |
| control field | 20130510095618.0 |
| 008 - FIXED-LENGTH DATA ELEMENTS--GENERAL INFORMATION | |
| fixed length control field | 970522s1996 fr b 100 0 fre d |
| 010 ## - LIBRARY OF CONGRESS CONTROL NUMBER | |
| LC control number | 97154227 |
| 020 ## - INTERNATIONAL STANDARD BOOK NUMBER | |
| International Standard Book Number | 2738449085 |
| 020 ## - INTERNATIONAL STANDARD BOOK NUMBER | |
| International Standard Book Number | 9782738449085 |
| 035 ## - SYSTEM CONTROL NUMBER | |
| System control number | (OCoLC)232347714 |
| 040 ## - CATALOGING SOURCE | |
| Original cataloging agency | LVB |
| Language of cataloging | fre |
| Transcribing agency | TZ-ArACH |
| Modifying agency | CHRRO |
| 041 0# - LANGUAGE CODE | |
| Language code of text/sound track or separate title | fre |
| Language code of summary or abstract/overprinted title or subtitle | eng |
| -- | ger |
| 049 ## - LOCAL HOLDINGS (OCLC) | |
| Holding library | TZAA |
| 050 00 - LIBRARY OF CONGRESS CALL NUMBER | |
| Classification number | K2146 |
| Item number | .A6 |
| 082 00 - DEWEY DECIMAL CLASSIFICATION NUMBER | |
| Classification number | 340/.115 |
| Edition number | 21 |
| 110 2# - MAIN ENTRY--CORPORATE NAME | |
| Corporate name or jurisdiction name as entry element | Association franc̦aise d'anthropologie du droit. |
| Subordinate unit | Colloque |
| Number of part/section/meeting | (1er : |
| Date of meeting or treaty signing | 1994 : |
| Location of meeting | Paris, France) |
| 9 (RLIN) | 9904 |
| 245 13 - TITLE STATEMENT | |
| Title | Le juge : une figure d'autorité : actes du premier colloque organisé par l'Association française d'anthropologie du droit, Paris 24-25-26 novembre 1994 / |
| Remainder of title | une figure d'autorité : actes du premier colloque organisé par l'Association française d'anthropologie du droit, Paris 24-25-26 novembre 1994 / |
| Statement of responsibility, etc | sous la direction de Claude Bontems. |
| 260 ## - PUBLICATION, DISTRIBUTION, ETC. (IMPRINT) | |
| Place of publication, distribution, etc | Paris : |
| Name of publisher, distributor, etc | L'Harmattan, |
| Date of publication, distribution, etc | c1996. |
| 300 ## - PHYSICAL DESCRIPTION | |
| Extent | 685 p. ; |
| Dimensions | 22 cm. |
| 504 ## - BIBLIOGRAPHY, ETC. NOTE | |
| Bibliography, etc | Bibliogr. |
| 546 ## - LANGUAGE NOTE | |
| Language note | Résumés en anglais et en allemand. |
| 650 #6 - SUBJECT ADDED ENTRY--TOPICAL TERM | |
| Topical term or geographic name as entry element | Juges |
| Form subdivision | Congrès. |
| 9 (RLIN) | 9905 |
| 650 #6 - SUBJECT ADDED ENTRY--TOPICAL TERM | |
| Topical term or geographic name as entry element | Ethnologie juridique |
| Form subdivision | Congrès. |
| 9 (RLIN) | 9906 |
| 650 #6 - SUBJECT ADDED ENTRY--TOPICAL TERM | |
| Topical term or geographic name as entry element | Ethnological jurispundence |
| Form subdivision | Congresses |
| 9 (RLIN) | 9913 |
| 650 #6 - SUBJECT ADDED ENTRY--TOPICAL TERM | |
| Topical term or geographic name as entry element | Sociologie juridique |
| Form subdivision | Congrès. |
| 9 (RLIN) | 9907 |
| 650 #6 - SUBJECT ADDED ENTRY--TOPICAL TERM | |
| Topical term or geographic name as entry element | Droit et anthropologie |
| Form subdivision | Congrès. |
| 9 (RLIN) | 9908 |
| 650 #6 - SUBJECT ADDED ENTRY--TOPICAL TERM | |
| Topical term or geographic name as entry element | Law and anthropology |
| Form subdivision | Congresses |
| 9 (RLIN) | 9914 |
| 650 #7 - SUBJECT ADDED ENTRY--TOPICAL TERM | |
| Topical term or geographic name as entry element | Juge |
| General subdivision | Pouvoir judiciaire |
| Form subdivision | [congrès] |
| Source of heading or term | rero |
| 9 (RLIN) | 9909 |
| 650 #7 - SUBJECT ADDED ENTRY--TOPICAL TERM | |
| Topical term or geographic name as entry element | Juge |
| General subdivision | Pouvoir d'appréciation |
| Form subdivision | [congrès] |
| Source of heading or term | rero |
| 9 (RLIN) | 9910 |
| 650 #7 - SUBJECT ADDED ENTRY--TOPICAL TERM | |
| Topical term or geographic name as entry element | Autorité |
| General subdivision | Juge |
| -- | pouvoir d'appréciation |
| Form subdivision | [congrès] |
| 9 (RLIN) | 9911 |
| 700 1# - ADDED ENTRY--PERSONAL NAME | |
| Personal name | Bontems, Claude. |
| 9 (RLIN) | 9912 |
| 942 ## - ADDED ENTRY ELEMENTS (KOHA) | |
| Source of classification or shelving scheme | Library of Congress Classification |
| Koha item type | Books |
| Home library | Current library | Shelving location | Date acquired | Full call number | Barcode | Koha item type |
|---|---|---|---|---|---|---|
| African Court on Human and Peoples' Rights Library | African Court on Human and Peoples' Rights Library | 10/05/2013 | K2146 .A6 | 10025375 | Books | |
| African Court on Human and Peoples' Rights Library | African Court on Human and Peoples' Rights Library | 10/05/2013 | K2146 .A6 | 10025332 | Books |
